Capitales de Provincia Españolas por días de nieve anuales - Estadísticas

Estadísticas generales
  • Esta prueba ha sido intentada 31 veces
    16 desde el último reinicio
  • La puntuación promedio es 38 de 51
Estadísticas de respuestas
Días de Nieve Anuales Ciudad % Correcto
0 Almería
92%
12,90 León
92%
5,30 Lugo
92%
2,90 Madrid
92%
0 Sevilla
92%
23,10 Soria
92%
2,80 Zamora
92%
0 Alicante
83%
0,10 Badajoz
83%
0,10 Castellón de La Plana
83%
2,70 Huesca
83%
0,10 La Coruña
83%
1 Lérida
83%
0 Málaga
83%
0,80 Orense
83%
0,10 Pontevedra
83%
5,70 Salamanca
83%
10,50 Teruel
83%
0 Valencia
83%
1,90 Zaragoza
83%
3,10 Albacete
75%
21,30 Burgos
75%
0,50 Cáceres
75%
2,40 Ciudad Real
75%
0,20 Córdoba
75%
0,90 Gerona
75%
1,80 Granada
75%
0 Huelva
75%
1,20 Jaén
75%
4,70 Logroño
75%
0,10 Murcia
75%
4,20 Oviedo
75%
0,50 Palma de Mallorca
75%
0,80 Santander
75%
16,50 Segovia
75%
0 Cadiz
67%
9,30 Cuenca
67%
0 Las Palmas de Gran Canaria
67%
0 Santa Cruz de Tenerife
67%
0,40 Tarragona
67%
1,80 Toledo
67%
8,30 Valladolid
67%
11,20 Vitoria-Gasteiz
67%
20 Ávila
58%
1,70 Bilbao
58%
2,70 Guadalajara
58%
7 Palencia
58%
6,70 Pamplona / Iruña
58%
0 Ceuta
50%
3,40 Donostia / San Sebastián
50%
0,10 Melilla
50%
No se encontraron pruebas coincidentes
Distribución de puntuación
Porcentaje de gente con cada puntuación
Porcentaje por número respondido
Historial de tus puntuaciones
No has intentado esta prueba desde el último reinicio